00829nam a2200253Ia 450000500170000000800410001702000180005810000270007624500650010325000230016830000180019153400170020965000560022665000330028265000290031565000370034470000270038126400330040833600270044133700330046833800280050104000350052908400110056420220317000149.0141031s9999 xx 000 0 und d a978849648943110aKertész, Imred1929-10aSin destino cImre Kertész ; traducción de Judith Xantus a1a ed., 4a reimpr. a263 páginas tSorstalansag14a Campos de concentración en la literatura 2LEMB14a Literatura húngara 2LEMB14a Novela húngara 2LEMB14aJudíos en la literatura 2LEMB10aXantus Szarvas, Judith aBarcelona bAcantiladoc2010 atextobtxt2rdacontent asin mediaciónbn2rdamedia avolumenbnc2rdacarrier aCO-BoRNBPbspaerdacCO-BoRNBP aN KER2